A critical evaluation of the Indian ride-hailing ecosystem and its impact on decent work standards (Record no. 530698)

000 -LEADER
fixed length control field 01486nam a22001457a 4500
008 - FIXED-LENGTH DATA ELEMENTS--GENERAL INFORMATION
fixed length control field 250709b ||||| |||| 00| 0 eng d
100 ## - MAIN ENTRY--PERSONAL NAME
Personal name Jha, Devasmita et al
245 ## - TITLE STATEMENT
Title A critical evaluation of the Indian ride-hailing ecosystem and its impact on decent work standards
260 ## - PUBLICATION, DISTRIBUTION, ETC. (IMPRINT)
Place of publication, distribution, etc The Indian Journal of Labour Economics
300 ## - PHYSICAL DESCRIPTION
Extent 68(1), Jan- Mar, 2025: p.263-285
520 ## - SUMMARY, ETC.
Summary, etc This study delves into “algorithmic management” employed by ride-hailing services such as Uber and OLA to demonstrate its impact on the drivers’ working conditions. It offers insight into how algorithmic management intersects with political and social structures, suppressing individual autonomy and declining the rights and liberties of the workers, demonstrating the undemocratic fabric of contemporary capitalist societies. The study is divided into three sections: introduction, which includes background, literature review of algorithmic management, objective and key findings; the methodology used for the current study; and findings from a qualitative study of 60 drivers in India, which examines a drivers’ perspectives on algorithmic management. The study concludes with potential policy recommendations to ensure protection of labour rights. - Reproduced

https://link.springer.com/article/10.1007/s41027-025-00557-1
650 ## - SUBJECT ADDED ENTRY--TOPICAL TERM
Topical term or geographic name as entry element algorithmic management, ride-hailing, decent work, fair work
9 (RLIN) 54936
942 ## - ADDED ENTRY ELEMENTS (KOHA)
Item type Articles
Holdings
Withdrawn status Lost status Source of classification or shelving scheme Damaged status Not for loan Permanent location Current location Date acquired Barcode Date last seen Koha item type
          Indian Institute of Public Administration Indian Institute of Public Administration 2025-07-09 AR136491 2025-07-09 Articles

Powered by Koha